| 000 | 00990nam a2200241 i 4500 | ||
|---|---|---|---|
| 001 | 135563 | ||
| 003 | ES-MaACL | ||
| 005 | 20230906194915.0 | ||
| 007 | t| | ||
| 008 | 070719s1981 sp ||||1| spa d | ||
| 080 | _a7.033.3(04) | ||
| 080 | _a72((04) | ||
| 100 | 1 |
_aTorres Balbás, Leopoldo. _9110926 |
|
| 245 | 1 | 0 |
_aObra dispersa / _cLeopoldo Torres Balbás. |
| 260 |
_a[Madrid] : _bInstituto de España, _c1981. |
||
| 300 |
_a9 v. : _bil. ; _c22 cm. |
||
| 505 | 8 | _aContiene: t. I. Al-Andalus. Crónica de la España musulmana. (1 tomo en 7 vol.) - t. II. Archivo Español de Arte y Arqueología: estudios diversos sobre arquitectura y arqueología. ( 1vol.)- t. III. Archivo Español de Arte. Archivo Español de Arqueología. (1 vol.) | |
| 650 | 1 | 4 |
_aArte musulmán- _zEspaña. _910253 |
| 650 | 1 | 4 |
_aArquitectura musulmana- _zEspaña. _910037 |
| 650 | 4 |
_aEscultura románica- _zEspaña. _9149893 |
|
| 710 | 2 |
_aInstituto de España. _94873 |
|
| 852 |
_aES-MaACL _jP-206 _bR.102181 |
||
| 999 |
_c135563 _d135563 |
||